|
|
|
|
| LEADER |
01277nam a22002537i 4500 |
| 001 |
10023127 |
| 003 |
GR-PaULI |
| 005 |
20230706063154.0 |
| 008 |
171010s1992 gr g 00 0 gre d |
| 040 |
|
|
|a GR-PaULI
|b gre
|c GR-PaULI
|e AACR2
|
| 082 |
0 |
4 |
|a 889.32
|2 23
|
| 100 |
1 |
|
|a Μηλιώνης, Χριστόφορος,
|d 1932-2017
|e συγγραφέας
|9 8382
|
| 245 |
1 |
0 |
|a Παπαδιαμάντης και ηθογραφία ή ηθογραφίας αναιρέσις /
|b
|c Χριστόφορος Μηλιώνης.
|
| 260 |
|
|
|a Αθήνα :
|b Σοκόλη,
|c 1992.
|
| 300 |
|
|
|a 22 σ. ;
|c 25 εκ.
|
| 504 |
|
|
|6 Περιλαμβάνει βιβλιογραφικές σημειώσεις.
|
| 561 |
1 |
|
|a Ανάτυπο από το περιοδικό "Γράμματα και Τέχνες", τ. Ιανουαρίου, 1992.
|
| 600 |
1 |
0 |
|a Παπαδιαμάντης, Αλέξανδρος,
|d 1851-1911
|9 6867
|
| 650 |
|
4 |
|a Ελληνική ηθογραφία
|9 79913
|
| 773 |
0 |
|
|a Γράμματα και Τέχνες [περιοδικό].
|
| 942 |
|
|
|2 ddc
|c BKN
|
| 952 |
|
|
|0 0
|1 0
|2 ddc
|4 0
|6 889_320000000000000_ΠΑΠ_ΜΗΛ
|7 0
|9 215977
|a THST
|b THST
|d 2017-10-10
|i 006374
|l 0
|o 889.32 ΠΑΠ ΜΗΛ
|p 025000012277
|r 2017-10-10 00:00:00
|t 1
|y BKN
|
| 998 |
|
|
|c ΜΑΝΙΑ
|d 2017-10
|
| 999 |
|
|
|c 131090
|d 131090
|